| 000 | 01739 a2200421 4500 | ||
|---|---|---|---|
| 003 | OSt | ||
| 005 | 20180116192340.0 | ||
| 008 | 111115t xxu||||| |||| 00| 0 eng d | ||
| 020 | _a1424821916 | ||
| 024 | 1 | _a043396155190 | |
| 028 | 4 | 2 |
_a043396155190 _bSony Pictures |
| 040 | _c0 | ||
| 082 | _a720.92 | ||
| 245 | 1 | 0 |
_aSketches of frank gehry by sydney pollack _h[videorecording] / _cFrank O. Gehry, Sydney Pollack, Julian Schnabel, Charles Arnoldi, Barry Diller, Brainerd Taylor, Caroline Stevens, Cathrine Ellis, Hiro Yamagata, Julie Goldman, Krysanne Katsoolis, Maya Hoffmann. |
| 260 |
_aCalifonia : _bSony Pictures, _c2006. |
||
| 300 |
_a1 videodisc (83 min.) : _bsd., col ; _c4 3/4 in. |
||
| 511 | 1 | _aStarring Frank O. Gehry, Sydney Pollack, Julian Schnabel, Charles Arnoldi, Barry Diller. | |
| 520 | _aSKETCHES OF FRANK GEHRY - DVD Movie. | ||
| 538 | _aAC-3, Closed-captioned, Color, Dolby, DVD, Subtitled, Widescreen, NTSC. | ||
| 650 | 0 |
_aDocumentary films _zUnited States _9167 |
|
| 650 | 0 |
_aVitra Design Museum _9168 |
|
| 650 | 0 |
_aBiographical films _9169 |
|
| 700 | 1 |
_aGehry, Frank O. _9170 |
|
| 700 | 1 |
_aPollack, Sydney. _9171 |
|
| 700 | 1 |
_aSchnabel, Julian. _9172 |
|
| 700 | 1 |
_aArnoldi, Charles. _9173 |
|
| 700 | 1 |
_aDiller, Barry. _9174 |
|
| 700 | 1 |
_aTaylor, Brainerd. _9175 |
|
| 700 | 1 |
_aStevens, Caroline. _9176 |
|
| 700 | 1 |
_aEllis, Cathrine. _9177 |
|
| 700 | 1 |
_aYamagata, Hiro. _9178 |
|
| 700 | 1 |
_aGoldman, Julie. _9179 |
|
| 700 | 1 |
_aKatsoolis, Krysanne. _9180 |
|
| 700 | 1 |
_aHoffmann, Maya. _9181 |
|
| 856 | 4 | 0 |
_3Amazon.com _uhttp://www.amazon.com/exec/obidos/ASIN/B000GFRI6I/chopaconline-20 |
| 942 |
_aSADA _cCDS _kCD 720.92 POL 2006 _2ddc |
||
| 999 |
_c352610 _d352610 |
||